Macmillan dictionary of microcomputing (Record no. 642)

MARC details
000 -LEADER
fixed length control field 00371nam a2200157Ia 4500
020 ## - INTERNATIONAL STANDARD BOOK NUMBER
ISBN 0-333-37082-1
082 ## - DEWEY DECIMAL CLASSIFICATION NUMBER
Classification number RR 004.1603 SIP-M
100 ## - MAIN ENTRY--AUTHOR NAME
Personal name Sippl, Charles J;
245 #0 - TITLE STATEMENT
Title Macmillan dictionary of microcomputing
250 ## - EDITION STATEMENT
Edition statement 3rd
260 ## - PUBLICATION, DISTRIBUTION, ETC. (IMPRINT)
Place of publication London
Name of publisher Macmillan
Year of publication 1985
300 ## - PHYSICAL DESCRIPTION
Number of Pages 473p.
504 ## - BIBLIOGRAPHY, ETC. NOTE
Bibliography, etc Ref
650 ## - SUBJECT ADDED ENTRY--TOPICAL TERM
Topical Term Microcomputers - Dictionaries
942 ## - ADDED ENTRY ELEMENTS (KOHA)
Koha item type Books
Holdings
Withdrawn status Lost status Damaged status Not for loan Home library Current library Date acquired Bill Date Full call number Accession Number Price effective from Koha item type
        NASSDOC Library NASSDOC Library 08/06/2004 2004-10-22 RR 004.1603 SIP-M 21328 18/04/2019 Books